000
00254 a2200109 4500
001
51148
040
_c
Anchieta - Pituba
240
1
0
_a
Sophie Scholl
_l
245
1
0
_a
Sophie Scholl
650
4
_a
Línguas germânicas (teutônicas) língua alemã
942
_c
MX
999
_c
51148
_d
51148